[Event "Olympiad Women 2024"]
[Site "Budapest HUN"]
[Date "2024.09.22"]
[Round "11.57"]
[Board "3"]
[White "Wakuruwarewa, Colletta"]
[Black "Abigail Karyah"]
[Result "1-0"]
[WhiteElo "1814"]
[BlackElo "1790"]
[PlyCount "75"]
[EventDate "2024.09.11"]
[WhiteTeam "Zimbabwe"]
[BlackTeam "Liberia"]
[WhiteTeamCountry "ZIM"]
[BlackTeamCountry "LBR"]

1. e4 c6 2. d4 d5 3. exd5 cxd5 4. Bd3 Nc6 5. c3 Nf6 6. Bf4 Bg4 7. f3 Bh5 8. Ne2 e6 9. Nd2 ({RR} 9. O-O Bg6 10. Ng3 Be7 11. Re1 a6 12. Bxg6 hxg6 13. a4 Bd6 14. Bxd6 Qxd6 15. Nd2 Qf4 16. Ngf1 O-O 17. Nb3 Rfe8 18. Nc5 Qc7 19. Nd3 Ne7 20. Nd2 Nd7 21. Qe2 Nc6 22. f4 b5 23. axb5 axb5 {0-1 Arzumanian,G (2448)-Eliseev,A (2439) Petrovskaya Ladya 2005 (13)}) 9... Bd6 10. Nf1 ({RR} 10. Qb3 O-O 11. Qxb7 Rc8 12. Bxd6 Qxd6 13. Qb3 e5 14. O-O e4 15. Bb1 e3 16. Qc2 exd2 17. Qxd2 Bg6 18. Bxg6 hxg6 19. Nf4 Rfe8 20. Nd3 Re7 21. b4 Rce8 22. Rfe1 Rxe1+ 23. Rxe1 Rxe1+ 24. Qxe1 Qe6 {1-0 Dobrikov,M (2362)-Souza Neves,A (2129) Titled Tue 19th Mar Late 2024 (2)}) 10... Qc7 11. Qd2 $146 ({RR} 11. Bxd6 Qxd6 12. Ne3 O-O 13. O-O Rfe8 14. Ng3 Bg6 15. Qd2 Rac8 16. Rae1 a6 17. f4 Bxd3 18. Qxd3 b5 19. a3 Re7 20. Qd1 Rce8 21. Qf3 Kh8 22. Nh5 Nxh5 23. Qxh5 f5 24. Nxf5 Qd7 25. Nxe7 Rxe7 {1-0 Szekeres,S (2142)-Kovacs,A (2164) HUN-chT2 Maroczy 0001 2000 (1)}) 11... Rb8 12. Bxd6 Qxd6 13. Qf4 Qxf4 14. Nxf4 b5 15. a3 a5 16. b4 O-O 17. Ng3 Bg6 18. O-O Rfc8 19. Nge2 axb4 20. axb4 Rc7 21. Ra6 Kf8 22. Rfa1 Nd7 23. Ra8 Ke7 24. Rxb8 Ncxb8 25. Bxb5 Bc2 26. Bd3 Bxd3 27. Nxd3 Nc6 28. Kf2 Na7 29. Ra5 Nc6 30. Ra6 f6 31. Nc5 e5 32. b5 Ncb8 33. Ra8 Rc8 34. Ke3 Kd6 35. Nxd7 Kxd7 36. Ra7+ Rc7 37. b6 exd4+ 38. Nxd4 1-0

[Event "Olympiad Women 2024"]
[Site "Budapest HUN"]
[Date "2024.09.22"]
[Round "11.57"]
[Board "4"]
[White "Princess K. Banney"]
[Black "Zengeni, Tatenda Melisa"]
[Result "0-1"]
[WhiteElo "1447"]
[BlackElo "1732"]
[PlyCount "42"]
[EventDate "2024.09.11"]
[WhiteTeam "Liberia"]
[BlackTeam "Zimbabwe"]
[WhiteTeamCountry "LBR"]
[BlackTeamCountry "ZIM"]

1. d4 Nf6 2. c4 e6 3. Nf3 b6 4. Bg5 Bb7 5. e3 Bb4+ 6. Nbd2 O-O 7. Be2 d6 8. a3 Bxd2+ 9. Qxd2 Nbd7 10. Rc1 $146 ({RR} 10. Qc2 h6 11. Bxf6 Nxf6 12. O-O Ne4 13. Nd2 f5 14. f3 Nxd2 15. Qxd2 Qg5 16. Rf2 f4 17. exf4 Qxf4 18. Bf1 e5 19. dxe5 Qxe5 20. Re1 Qf6 21. Rfe2 Bc6 22. Re7 Rf7 23. R7e6 Qh4 24. b4 Rd8 {½-½ Gyorkos,L (2372)-Csonka,A (2274) Hotel Irottko IM 2000 (9)}) 10... c5 11. O-O Qc7 12. Bf4 Ne4 13. Qd3 f5 14. Rfd1 Rad8 15. b4 e5 16. Bg5 Ndf6 17. dxc5 dxc5 18. Qc2 h6 19. Bxf6 gxf6 20. Nd2 Qg7 21. Nxe4 Bxe4 0-1

[Event "Olympiad Women 2024"]
[Site "Budapest HUN"]
[Date "2024.09.22"]
[Round "11.58"]
[Board "1"]
[White "Gertrude Banini"]
[Black "Ravelomanana, Sabine"]
[Result "0-1"]
[WhiteElo "1712"]
[BlackElo "1926"]
[PlyCount "176"]
[EventDate "2024.09.11"]
[WhiteTeam "Ghana"]
[BlackTeam "Madagascar"]
[WhiteTeamCountry "GHA"]
[BlackTeamCountry "MAD"]

1. d4 Nf6 2. Bf4 c5 3. c3 cxd4 4. cxd4 Qb6 5. Qc2 Nc6 6. e3 d5 ({RR} 6... d6 7. Nf3 e5 8. Bg5 Be7 9. dxe5 dxe5 10. Nc3 O-O 11. Bc4 Qc5 12. Bxf6 Bxf6 13. Ne4 Qb4+ 14. Nfd2 Bd8 15. O-O Kh8 16. Nc3 f5 17. Rad1 Qe7 18. Nd5 Qe8 19. Nb3 b6 20. Bb5 Bb7 21. Rc1 {½-½ Ding,Y (2420)-Harika,D (2511) CHN-chT China 2017 (18.5)}) 7. a3 ({RR} 7. Nc3 Bf5 8. Qb3 Qxb3 9. axb3 e6 10. Nb5 Bb4+ 11. Ke2 Kd7 12. f3 Rhc8 13. g4 Bg6 14. Kf2 Na5 15. Ra4 Rc2+ 16. Kg3 Be1+ 17. Kh3 Rxb2 18. b4 Bxb4 19. Ne2 Bc2 20. Ra1 Bd3 21. Nec3 Bxf1+ {1-0 Van Baar,E (2208)-Delgado Kuffo,A (2320) Titled Tue 13th Feb Late 2024 (10)}) 7... Bf5 8. Qc1 $146 ({RR} 8. Bc7 Bxc2 9. Bxb6 axb6 10. Bb5 e6 11. Nf3 Bd6 12. O-O Ke7 13. Nc3 Ne4 14. Rfc1 Nxc3 15. bxc3 Be4 16. Nd2 Bxa3 17. Re1 Bb2 18. Rxa8 Rxa8 19. Nxe4 dxe4 20. c4 e5 21. d5 Nb4 22. f3 Nd3 {0-1 Rusak,J (1580)-Kostyra,S (2289) Bialystok Autumn op 2012 (7.1)}) ({RR} 8. Qe2 a6 9. f3 e6 10. Qd2 Rc8 11. Ne2 Na5 12. Nc1 Rc2 13. Qd1 Qxb2 14. e4 Rc6 15. exf5 Qxa1 16. Nb3 Nxb3 17. Qxb3 Bd6 18. Qxb7 O-O 19. Bd3 Rc7 {0-1 Vandersmissen,H (1759)-Kasparov,S (2478) Brasschaat op 14th 2014 (1)}) 8... Rc8 9. Nc3 e6 10. Nf3 Be7 11. Be2 h6 12. O-O O-O 13. Qd2 Na5 14. Ra2 Ne4 15. Nxe4 Bxe4 16. b4 Nc4 17. Qd1 f6 18. Nd2 Bg6 19. Nb3 Qc6 20. Bd3 Bxd3 21. Qxd3 f5 22. Rc1 b6 23. Rac2 Qa4 24. Nd2 b5 25. Qb3 Qa6 26. Ra1 Nxd2 27. Rxd2 Rc4 28. Qa2 Rfc8 29. h3 Qa4 30. Rd3 Rc1+ 31. Rxc1 Rxc1+ 32. Kh2 Qa6 33. Qb3 Qc6 34. Be5 h5 35. Bb8 h4 36. f4 a6 37. Ba7 Qe8 38. Rd1 Rc4 39. Qb2 Qg6 40. Qf2 Rc3 41. Ra1 Qe8 42. Qd2 Rc4 43. Ra2 g5 44. fxg5 Bxg5 45. Qe2 Rc3 46. a4 Rxe3 47. Qf1 Qa8 48. Bc5 Qb8+ 49. Kg1 Qg3 50. Ra1 Re4 51. axb5 Be3+ 52. Kh1 Bf4 53. Qg1 axb5 54. Ra8+ Kh7 55. Ra1 Qc3 56. Qd1 Kg6 57. Rb1 Qg3 58. Qg1 Re2 59. Ra1 Qc3 60. Qf1 Bg3 61. Rc1 Qxc1 62. Qxc1 Re1+ 63. Qxe1 Bxe1 64. Kg1 Kg5 65. Kf1 Bg3 66. Ke2 f4 67. Kf3 Kf5 68. Bd6 Be1 69. Ke2 Bc3 70. Kd3 Be1 71. Be7 e5 72. dxe5 Kxe5 73. Bc5 Ke6 74. Bd4 Bxb4 75. Ke2 Kf5 76. Kf3 Be1 77. Ke2 Ke4 78. Bb2 Bg3 79. Bc3 d4 80. Bb4 d3+ 81. Kd2 Bf2 82. Be7 Kd4 83. Bg5 Bg3 84. Bf6+ Kc4 85. Bb2 b4 86. Bf6 Bf2 87. Kd1 b3 88. Bb2 Bd4 0-1

[Event "Olympiad Women 2024"]
[Site "Budapest HUN"]
[Date "2024.09.22"]
[Round "11.58"]
[Board "2"]
[White "Raharimanana, Faratiana"]
[Black "Benson, Maud"]
[Result "1-0"]
[WhiteElo "1815"]
[BlackElo "1682"]
[PlyCount "55"]
[EventDate "2024.09.11"]
[WhiteTeam "Madagascar"]
[BlackTeam "Ghana"]
[WhiteTeamCountry "MAD"]
[BlackTeamCountry "GHA"]

1. d4 d5 2. c4 e6 3. Nf3 Nf6 4. e3 Be7 5. Bd3 dxc4 6. Bxc4 O-O 7. O-O Nbd7 8. Nc3 c5 9. e4 ({RR} 9. a3 cxd4 10. Qxd4 Nb6 11. Ba2 Qxd4 12. Nxd4 Bd7 13. e4 Na4 14. e5 {½-½ Ubilava,E (2525)-Mirzoev,A (2520) Platja de Muro 5th 2005 (9)}) 9... Nb6 ({RR} 9... cxd4 10. Nxd4 Nc5 11. e5 Nfd7 12. Re1 Nb6 13. Be2 Bd7 14. Bf3 Rb8 15. Bf4 Nba4 16. Nxa4 Nxa4 17. b3 Nc5 18. b4 Ba4 19. Qd2 Na6 20. a3 Nc7 21. Rac1 Nd5 22. Bxd5 Qxd5 23. Nf5 Qd8 24. Nd6 {½-½ Szymkiewicz,W (2100)-Majocha,P (2040) 60th Rubinstein Mem Open 2024 (8.20)}) 10. Bb3 Qc7 $146 ({RR} 10... cxd4 11. Qxd4 Qc7 12. Be3 Rd8 13. Qe5 Bd6 14. Nb5 Bxe5 15. Nxc7 Bxc7 16. Rad1 Rxd1 17. Rxd1 Bd7 18. e5 Nfd5 19. Bxd5 Nxd5 20. h3 Bc6 21. Bc5 b6 22. Bd6 Bxd6 23. exd6 Rd8 24. Ne5 Rxd6 25. Nc4 {0-1 Hajkova,H-Kulovana,E CZE-chWa Girls 1998 (1)}) ({RR} 10... cxd4 11. Nxd4 Bc5 12. Nf3 Qxd1 13. Bxd1 h6 14. Bb3 Bd7 15. e5 Nfd5 16. Ne4 Be7 17. Nd4 Rac8 18. a3 Nc4 19. f4 a5 20. a4 Nb4 21. Bd1 Nd3 22. b3 Nxc1 23. Rxc1 Ne3 24. Rxc8 Rxc8 25. Re1 {0-1 El Ghabi,Z (2041)-Al Rufaye,I (2065) Arab-ch (Women) 2002 (8)}) ({RR} 10... cxd4 11. Qxd4 Qxd4 12. Nxd4 Rd8 13. Nf3 Bd7 14. e5 Nfd5 15. Nxd5 exd5 16. Nd4 Nc4 17. Bxc4 dxc4 18. Bd2 b5 19. Ba5 Rdc8 20. a3 Bc5 21. Nf3 Bf5 22. Rfd1 Rab8 23. Bb4 Bb6 24. Bd6 Rb7 25. Nd4 {0-1 Oberholzer,M (1665)-Tembo,E (1751) Africa KCF Inv tt 2017 (2.4)}) 11. e5 Nfd5 12. Ne4 c4 13. Bc2 f6 14. Bd2 Nd7 15. exf6 N7xf6 16. Qe2 Ng4 17. Ng3 g6 18. h3 Nxf2 19. Ne5 Bh4 20. Rxf2 Bxg3 21. Rxf8+ Kxf8 22. Qf3+ Kg8 23. Qxg3 b5 24. Rf1 Qb6 25. Qf2 Bb7 26. Bh6 Nf6 27. Qxf6 Qxd4+ 28. Kh2 1-0

[Event "Olympiad Women 2024"]
[Site "Budapest HUN"]
[Date "2024.09.22"]
[Round "11.58"]
[Board "3"]
[White "Dotse Dzidzor Esi"]
[Black "Randriatsiferana, Dimbiharentsoa Christiana"]
[Result "1/2-1/2"]
[WhiteElo "1530"]
[BlackElo "1736"]
[PlyCount "63"]
[EventDate "2024.09.11"]
[WhiteTeam "Ghana"]
[BlackTeam "Madagascar"]
[WhiteTeamCountry "GHA"]
[BlackTeamCountry "MAD"]

1. d4 Nf6 2. c4 d6 3. Nf3 g6 4. Nc3 Bg7 5. Bf4 O-O 6. e3 Re8 ({RR} 6... b6 7. Be2 Bb7 8. Qc2 a6 9. O-O c5 10. Rad1 Nbd7 11. d5 Ne8 12. e4 Nc7 13. a4 Re8 14. Bg3 Qb8 15. h4 b5 16. axb5 axb5 17. cxb5 Qa7 18. h5 Qa5 19. Rfe1 Qb4 20. hxg6 hxg6 21. Bf1 {1-0 Sokolov,I (2653)-Nevednichy,V (2562) EU-ch 13th Plovdiv 2012 (7)}) 7. Be2 ({RR} 7. Qc2 Nc6 8. Bd3 e5 9. dxe5 dxe5 10. Bg5 Nb4 11. Qd2 Qxd3 12. O-O-O Qxc4 13. Bxf6 Bxf6 14. Kb1 Bf5+ 15. Kc1 Nxa2# {0-1 Biazon,H (1030)-Viana,D (1830) 10th Floripa Open 2024 (1.166)}) 7... Nc6 8. Rc1 $146 ({RR} 8. h3 Bf5 9. O-O e5 10. dxe5 dxe5 11. Bg5 h6 12. Bxf6 Qxf6 13. Nd5 Qd8 14. Qb3 e4 15. Nh2 Na5 16. Qa3 c6 17. Nf4 b6 18. Rad1 Qc7 19. b4 Nb7 20. b5 Be5 21. bxc6 Bxf4 22. exf4 Nc5 {1-0 Masango,S (2136)-Solomon,M (2170) Cape Town Classic 2015 (5)}) ({RR} 8. O-O Nd7 9. a3 e5 10. Bg5 f6 11. Bh4 h6 12. dxe5 Ndxe5 13. Nd4 Nxd4 14. exd4 Nc6 15. f4 Bf5 16. d5 Ne7 17. Qd2 g5 18. Bf2 Ng6 19. Bh5 Rf8 20. Bxg6 Bxg6 21. Bd4 Qd7 22. Rf2 c5 {0-1 Vedeneev,A-Gluhenkii,D (2135) PriFR-ch U18 2008 (1)}) ({RR} 8. O-O e5 9. dxe5 dxe5 10. Qxd8 Rxd8 11. Nxe5 Nxe5 12. Bxe5 Be6 13. Rad1 Nd7 14. Bxg7 Kxg7 15. b3 c6 16. f4 f5 17. e4 Nc5 18. e5 Rd7 19. Rxd7+ Nxd7 20. Rd1 Rd8 21. Kf2 Kf7 22. h4 h5 {1-0 Yanchenko,R (2467)-Valle Maytin,L (2284) Titled Tuesday intern op 01st June blitz 2021 (3)}) 8... Bd7 9. O-O h6 10. h3 e5 11. dxe5 dxe5 12. Bh2 Nh7 13. Ne4 Qe7 14. a3 Rad8 15. Qb3 Na5 16. Qb4 Qxb4 17. axb4 Nc6 18. b5 Nb4 19. Rfd1 a6 20. Nc5 Bc8 21. Rxd8 Rxd8 22. Bxe5 Bxe5 23. Nxe5 Rd2 24. Bg4 Bxg4 25. Nxg4 h5 26. Ne5 axb5 27. Nxb7 Rxb2 28. cxb5 Nd5 29. Rc5 Nhf6 30. e4 Nf4 31. Rxc7 Nxe4 32. Nxf7 1/2-1/2

[Event "Olympiad Women 2024"]
[Site "Budapest HUN"]
[Date "2024.09.22"]
[Round "11.58"]
[Board "4"]
[White "Tsinjoviniavo, Aina Mahasambatra"]
[Black "Hephzibah Awura-Ama Manubea Tandoh"]
[Result "1-0"]
[WhiteElo "1662"]
[BlackElo "1516"]
[PlyCount "45"]
[EventDate "2024.09.11"]
[WhiteTeam "Madagascar"]
[BlackTeam "Ghana"]
[WhiteTeamCountry "MAD"]
[BlackTeamCountry "GHA"]

1. e4 e6 2. d4 d5 3. exd5 exd5 4. Nf3 Nf6 5. Bd3 Be7 6. O-O O-O 7. h3 Be6 ({RR} 7... c6 8. Re1 Nbd7 9. Nbd2 Re8 10. Nf1 Nf8 11. Ng3 Ng6 12. Bg5 {½-½ Fernandez Garcia,J (2452)-Korneev,O (2613) Dos Hermanas-B 2003 (8)}) ({RR} 7... b6 8. c3 c5 9. dxc5 bxc5 10. Bf4 Bb7 11. Nbd2 Qb6 12. Qc2 Re8 13. Rfe1 Nbd7 14. Ne5 Nf8 15. Bg5 c4 16. Bf1 h6 17. Be3 Qc7 18. Nef3 Ne6 19. Nd4 Nc5 20. Nf5 Bf8 21. Bd4 Qc6 22. Nf3 {0-1 Mertins,O (1817)-Sichinava,Z (2296) Korchnoi Mem Open 2024 (1.22)}) 8. Nc3 c6 9. Ne2 Bd6 10. Nf4 $146 ({RR} 10. Bf4 Qc7 11. Bxd6 Qxd6 12. c3 h6 13. Qc2 Nbd7 14. Ng3 Nb6 15. Rae1 Rfe8 {½-½ Tran,N-Doan,D VIE-ch U13 Vung Tau 2004 (9)}) 10... Bxf4 11. Bxf4 h6 12. Ne5 Nbd7 13. Qf3 Re8 14. Rfe1 Qb6 15. c3 Nxe5 16. dxe5 Nd7 17. b4 a6 18. Qg3 Kf8 19. Be3 Qc7 20. f4 Nb6 21. f5 Bc8 22. f6 Qxe5 23. Qxg7# 1-0

[Event "Olympiad Women 2024"]
[Site "Budapest HUN"]
[Date "2024.09.22"]
[Round "11.59"]
[Board "1"]
[White "Wilson, Hannah"]
[Black "Sagastegui, Thamara"]
[Result "1/2-1/2"]
[WhiteElo "1888"]
[BlackElo "1544"]
[PlyCount "96"]
[EventDate "2024.09.11"]
[WhiteTeam "Barbados"]
[BlackTeam "Aruba"]
[WhiteTeamCountry "BAR"]
[BlackTeamCountry "ARN"]

1. d4 Nf6 2. c4 b6 3. Nc3 Bb7 4. Qc2 e6 5. e4 d6 6. Nf3 h6 ({RR} 6... Nbd7 7. Bd3 Be7 8. O-O e5 9. Qe2 O-O 10. Bc2 Re8 11. d5 a6 12. Be3 Nh5 13. g3 g6 14. b4 Rf8 15. Nd2 Ng7 16. Nb3 f5 17. exf5 Nxf5 18. Ne4 Nxe3 19. fxe3 Nf6 20. Nxf6+ Bxf6 21. Be4 {½-½ Predke,A (2657)-Sarana,A (2651) FIDE World Cup 2019 (1.4)}) ({RR} 6... Be7 7. Bd3 h6 8. O-O O-O 9. h3 Na6 10. a3 c5 11. d5 e5 12. Kh2 Nc7 13. Be3 Bc8 14. Qd2 Nh7 15. g4 Ng5 16. Nxg5 Bxg5 17. Bxg5 Qxg5 18. Qxg5 hxg5 19. Ne2 g6 20. Ng3 Kg7 21. Kg2 {½-½ Kostadinovski,Z (1929)-Krstevski,P (1638) Open ch-MKD 2024 (7.32)}) 7. Bd3 $146 ({RR} 7. Be2 Be7 8. O-O Nbd7 9. Be3 O-O 10. h3 Ne8 11. d5 e5 12. b4 Ndf6 13. a4 a6 14. Rfb1 Rb8 15. a5 Nh7 16. Na4 Ng5 17. c5 Nxf3+ 18. Bxf3 b5 19. cxd6 Bxd6 20. Nc5 Bc8 {½-½ Melcon Diez,E (1634)-Mataix Fernandez,R (1762) Collado Villalba op-B 34th 2017 (3)}) 7... Nfd7 8. Be3 Nc6 9. a3 e5 10. d5 Ne7 11. b4 c5 12. O-O Nc8 13. b5 Be7 14. Ne2 Bf6 15. Ng3 g6 16. Qd2 Bg7 17. h4 h5 18. Ng5 Nf8 19. Qe2 f6 20. Nh3 Ne7 21. Bd2 Bc8 22. Kh2 Bxh3 23. gxh3 Nd7 24. Rg1 Bh6 25. Bxh6 Rxh6 26. Qe3 Rh8 27. a4 Kf7 28. Raf1 Ng8 29. Ne2 Ne7 30. f4 Qf8 31. fxe5 dxe5 32. Bc2 Nc8 33. Rf2 Nd6 34. Bd3 Qh6 35. Qg3 Rhg8 36. Rgf1 Rae8 37. Qg5 Qg7 38. Rg2 Ke7 39. Qd2 Nb7 40. Bc2 Nd6 41. Bd3 Ref8 42. Ng3 Qh7 43. Qe2 Rf7 44. Rgf2 Rgf8 45. Qc2 Rg7 46. Qe2 Rgg8 47. Bc2 Rh8 48. Bd3 Rhg8 1/2-1/2

[Event "Olympiad Women 2024"]
[Site "Budapest HUN"]
[Date "2024.09.22"]
[Round "11.59"]
[Board "2"]
[White "Jacobs, Annelaine"]
[Black "Blackman, Katrina"]
[Result "1/2-1/2"]
[WhiteElo "1763"]
[BlackElo "1814"]
[PlyCount "65"]
[EventDate "2024.09.11"]
[WhiteTeam "Aruba"]
[BlackTeam "Barbados"]
[WhiteTeamCountry "ARN"]
[BlackTeamCountry "BAR"]

1. e4 e6 2. d4 d5 3. exd5 exd5 4. Bd3 Bd6 5. c3 Ne7 6. Ne2 Bf5 7. Bxf5 Nxf5 8. Bf4 c6 9. Bxd6 Qxd6 10. Qd3 Qf6 $146 ({RR} 10... Qg6 11. O-O O-O 12. Nd2 Nd7 13. Rfe1 Rfe8 14. Nf3 Nh4 15. Qxg6 Nxf3+ 16. gxf3 fxg6 17. Ng3 Nb6 18. b3 Kf7 19. Re3 Re7 20. Rae1 Rae8 21. Kf1 Nc8 22. Rxe7+ Rxe7 23. Rxe7+ Kxe7 24. Ke2 Nd6 25. Kd3 {½-½ Cacic,S (2244)-Vidrih,J EU-ch U16 Girls 17th 2007 (8)}) 11. O-O O-O 12. Nd2 Nd7 13. Rfe1 h6 14. Ng3 Nd6 15. Re2 Rae8 16. Rae1 Re6 17. Qf3 Rfe8 18. Qxf6 Nxf6 19. Rxe6 Rxe6 20. Rxe6 fxe6 21. h3 Kf7 22. f4 Ke7 23. Kf2 b6 24. Ke3 c5 25. Kd3 a5 26. a4 g6 27. c4 Nb7 28. b3 Kd6 29. Nf3 dxc4+ 30. Kxc4 Nd5 31. Ne4+ Kc7 32. dxc5 Nxf4 33. Kd4 1/2-1/2

[Event "Olympiad Women 2024"]
[Site "Budapest HUN"]
[Date "2024.09.22"]
[Round "11.59"]
[Board "3"]
[White "Reifer-Belle, Chanon"]
[Black "Moreno Mora, Milaydes Lourdes"]
[Result "1-0"]
[WhiteElo "1736"]
[BlackElo "1694"]
[PlyCount "65"]
[EventDate "2024.09.11"]
[WhiteTeam "Barbados"]
[BlackTeam "Aruba"]
[WhiteTeamCountry "BAR"]
[BlackTeamCountry "ARN"]

1. e4 c5 2. c3 d5 3. exd5 Qxd5 4. d4 Nf6 5. Nf3 e6 6. Be3 Be7 7. Be2 cxd4 8. cxd4 O-O 9. Nc3 Qd8 10. O-O Nc6 11. a3 Nd5 ({RR} 11... b6 12. Ne5 Bb7 13. Bf3 Nd5 14. Nxd5 exd5 15. Qa4 Nxe5 16. dxe5 Bc5 17. Bxc5 bxc5 18. Rad1 c4 19. Qb4 Qb6 20. Bxd5 Bxd5 21. Rxd5 Qxb4 22. axb4 Rfb8 23. Ra1 Rxb4 24. Rxa7 Rf8 25. g3 Rxb2 26. Rc7 {½-½ Kallai,G (2445)-Vukic,M (2490) Zenica 1985}) 12. Rc1 ({RR} 12. Nxd5 Qxd5 13. Rc1 Rd8 14. Qc2 Bd7 15. Bc4 Qh5 16. Be2 Qd5 17. Bc4 Qh5 18. Be2 Qd5 {½-½ Del Rey,D (2363)-Zwirs,N (2457) Elgoibar 30th 2021 (5)}) 12... Bf6 13. Ne4 Nxe3 $146 ({RR} 13... Be7 14. Bd3 Nxe3 15. fxe3 g6 16. Qe2 e5 17. dxe5 Bg4 18. Nf6+ Bxf6 19. exf6 Qxf6 20. Be4 Rfe8 21. Bxc6 bxc6 22. h3 Bf5 23. Qf2 Bd3 24. Rfd1 Be4 25. Nd4 Qg5 26. b4 Rad8 27. Rf1 Rd7 28. Rc5 {1-0 Lee,O (2288)-Van Riemsdijk,H (2391) Paulista-chT Interclubes 2008 (5)}) ({RR} 13... Qb6 14. Nxf6+ gxf6 15. Qd2 Kh8 16. b4 Bd7 17. Bd3 Nce7 18. Qe2 Ng6 19. g3 Rac8 20. Nd2 Rc3 21. Nc4 Qd8 22. Rb1 b5 23. Na5 Rxa3 24. Qd2 Rc3 25. Nb7 Qc7 26. Nc5 Ra3 27. Rfc1 Qd8 28. Qb2 {1-0 Babiarz,A (1692)-Goszyk,B (1126) POL-chT U19 2nd League 2016 (11.69)}) 14. fxe3 Be7 15. Nc5 Bxc5 16. Rxc5 Bd7 17. Qc2 Ne7 18. Bd3 f5 19. Qb3 b6 20. Rc2 Nd5 21. Re1 Rc8 22. Ne5 Rxc2 23. Bxc2 Bc8 24. Bd1 Qc7 25. Bf3 Bb7 26. e4 fxe4 27. Bxe4 Nf4 28. Qe3 Bd5 29. Rf1 Bxe4 30. Qxe4 g5 31. Nf3 h6 32. g3 Ng6 33. Qxg6+ 1-0

[Event "Olympiad Women 2024"]
[Site "Budapest HUN"]
[Date "2024.09.22"]
[Round "11.59"]
[Board "4"]
[White "Aponte, Samantha"]
[Black "Springer, Leshay"]
[Result "1-0"]
[WhiteElo "1454"]
[BlackElo "1425"]
[PlyCount "45"]
[EventDate "2024.09.11"]
[WhiteTeam "Aruba"]
[BlackTeam "Barbados"]
[WhiteTeamCountry "ARN"]
[BlackTeamCountry "BAR"]

1. d4 d5 2. c4 c6 3. cxd5 cxd5 4. Bf4 Nf6 5. Nf3 Bf5 6. Qb3 b6 7. Nc3 a6 ({RR} 7... Nc6 8. e3 Na5 9. Bb5+ Bd7 10. Qa4 a6 11. Bxd7+ Qxd7 12. Qxd7+ Kxd7 13. Na4 Ra7 14. Nxb6+ Kc6 15. Na4 e6 16. Ke2 Nh5 17. Ne5+ Kb5 18. Nc3+ Kb6 19. Bg3 Nxg3+ 20. hxg3 Bd6 21. Nd3 Rc7 22. Rac1 {1-0 Newerovski,G (2321)-Uzhva,A (2257) Central FR-chT 2006 (2)}) 8. e3 e6 9. Be2 ({RR} 9. Bxb8 Qxb8 10. Bxa6 Bd6 11. Bb5+ Ke7 12. h3 Ne4 13. Nh4 g6 14. Nxf5+ gxf5 15. Ke2 Rg8 16. Rag1 Bh2 17. Nxe4 fxe4 18. Rc1 Rxg2 19. Rhf1 Qg3 20. Bc6 Qf3+ 21. Ke1 Rag8 22. Qb4+ Kf6 23. Qd2 Rg1 {0-1 Mence,E (1975)-Khairova,E (1717) 32nd EY Girls U14 2024 (3.19)}) 9... Be7 10. Qa4+ $146 ({RR} 10. O-O O-O 11. Rac1 h6 12. h3 Bd6 13. Ne5 b5 14. a3 Ne4 15. Nxe4 Bxe4 16. Bd3 Bxe5 17. Bxe5 Nd7 18. Bd6 Re8 19. Bxe4 dxe4 20. Qc2 Nf6 21. Be5 Rc8 22. Bxf6 Qxf6 23. Qxe4 Qe7 24. Rc2 Rc7 {0-1 Takeda,L-Nakamura,Y BRA-ch U12 24th 2010 (6)}) ({RR} 10. Rc1 O-O 11. O-O Nbd7 12. h3 b5 13. a3 Rc8 14. Na2 Qa5 15. Nb4 Bxb4 16. axb4 Qb6 17. Nh4 Bg6 18. Nxg6 hxg6 19. Bd3 Rc6 20. Rc2 Rfc8 21. Rfc1 Rxc2 22. Rxc2 Rxc2 23. Qxc2 Ne8 24. Qc8 Ndf6 {1-0 Riha,P (1590)-Buss,A Karl Mala Memorial op 09th 2005 (2)}) 10... Nbd7 11. O-O O-O 12. Rac1 b5 13. Qd1 Nh5 14. Bg3 Nxg3 15. hxg3 h6 16. Kh2 Qa5 17. a3 Rac8 18. Bd3 Bxd3 19. Qxd3 b4 20. axb4 Qxb4 21. Qxa6 Qxb2 22. Qb5 Nf6 23. Qxb2 1-0

[Event "Olympiad Women 2024"]
[Site "Budapest HUN"]
[Date "2024.09.22"]
[Round "11.60"]
[Board "1"]
[White "Andhin, Chethanah"]
[Black "Aliu, Arlinda"]
[Result "0-1"]
[WhiteElo "1607"]
[BlackElo "1780"]
[PlyCount "92"]
[EventDate "2024.09.11"]
[WhiteTeam "Mauritius"]
[BlackTeam "Kosovo"]
[WhiteTeamCountry "MRI"]
[BlackTeamCountry "KOS"]

1. d4 d5 2. c4 c6 3. Nc3 Nf6 4. Nf3 Bf5 5. Qb3 Qb6 6. c5 Qxb3 7. axb3 g6 8. Bf4 Na6 9. Ra4 Bc2 10. Nd2 Nh5 $146 ({RR} 10... Bf5 11. e3 Bc8 12. h3 Bg7 13. b4 O-O 14. b5 cxb5 15. Bxb5 Nb8 16. Bxb8 Rxb8 17. Rxa7 e6 18. O-O Bd7 19. Bxd7 Nxd7 20. c6 bxc6 21. Rxd7 Rxb2 22. Nf3 Rc8 23. Rb1 Rc2 24. Na4 Ra8 25. Nc5 {1-0 Braschi,G-Puertas,A Lima Metropolitano U14 1999 (3)}) 11. e3 Nxf4 12. exf4 Nc7 13. Be2 Bg7 14. g3 O-O 15. O-O Bf5 16. Re1 a6 17. Nf3 f6 18. Nh4 Bd7 19. Bd3 Rae8 20. f5 g5 21. Ng2 e6 22. fxe6 Rxe6 23. Raa1 f5 24. Rxe6 Nxe6 25. Na4 Bxd4 26. b4 f4 27. Nb6 Be8 28. Re1 Rf6 29. gxf4 gxf4 30. Nh4 Ng7 31. Re7 Rf7 32. Re2 f3 33. Re1 Rf4 34. Nf5 Nxf5 35. Bxf5 Rxf5 36. Rxe8+ Kf7 37. Rb8 Rg5+ 38. Kf1 Rg2 39. Rxb7+ Kg6 40. Rb8 Rxh2 41. Kg1 Rg2+ 42. Kf1 Rxf2+ 43. Ke1 Rxb2 44. Rf8 f2+ 45. Kf1 Rb1+ 46. Ke2 Re1+ 0-1

[Event "Olympiad Women 2024"]
[Site "Budapest HUN"]
[Date "2024.09.22"]
[Round "11.60"]
[Board "2"]
[White "Recica, Jona"]
[Black "Acham, Meritza"]
[Result "0-1"]
[WhiteElo "1791"]
[BlackElo "1667"]
[PlyCount "100"]
[EventDate "2024.09.11"]
[WhiteTeam "Kosovo"]
[BlackTeam "Mauritius"]
[WhiteTeamCountry "KOS"]
[BlackTeamCountry "MRI"]

1. e4 c6 2. d4 d5 3. exd5 cxd5 4. Bd3 Nc6 5. c3 Nf6 6. Bf4 e6 7. Nd2 Be7 8. Ngf3 O-O 9. O-O h6 ({RR} 9... b6 10. Ne5 Bb7 11. Qf3 Nxe5 12. Bxe5 Nd7 13. Qh3 g6 14. Bf4 Bf6 15. Bh6 Re8 16. f4 a5 17. Nf3 Ba6 18. Ne5 Bxd3 19. Qxd3 Bg7 20. Bxg7 Kxg7 21. g4 Nxe5 22. fxe5 Qg5 23. Qg3 h5 24. Rf4 {½-½ Votava,J (2527)-Kuba,J (2304) CZE-chT 1819 2018 (5.1)}) ({RR} 9... a6 10. h3 b5 11. Ne5 Nxe5 12. dxe5 Nd7 13. Re1 Nc5 14. Bc2 a5 15. Qh5 g6 16. Qg4 b4 17. Nf3 bxc3 18. bxc3 Ba6 19. Bh6 Re8 20. Ng5 Bd3 21. Bxd3 Nxd3 22. Re3 Nc5 23. h4 Bf8 24. Bxf8 {0-1 Hernandez,A (1960)-Vedder,R (2262) Titled Tue 17th Oct Early 2023 (8)}) 10. Ne5 Bd6 11. Ndf3 Qc7 $146 ({RR} 11... Nd7 12. Nxc6 {1-0 Breen,A-Szoukup,H (1921) Budapest FS09 FM-B 2009 (8)}) ({RR} 11... Nh5 12. Be3 Nf6 13. Re1 Qc7 14. Qd2 Bxe5 15. Nxe5 Nxe5 16. dxe5 Ng4 17. Bf4 f6 18. exf6 e5 19. fxg7 Rxf4 20. Bc2 Be6 21. Re2 Qxg7 22. h3 Nf6 23. Re3 Kh8 24. Rg3 Qf8 25. Rg6 Bf7 26. g3 {0-1 Weerathilaka,A (1445)-De Silva,M (1255) Negombo op 2nd 2016 (9)}) 12. h3 Ne4 13. Bh2 f5 14. Nxc6 Bxh2+ 15. Nxh2 bxc6 16. Nf3 Rb8 17. Qc2 c5 18. Rab1 Qa5 19. a3 c4 20. Be2 Bd7 21. Ne5 Ba4 22. Qc1 Rb7 23. f3 Ng3 24. Rf2 Rfb8 25. Kh2 Nh5 26. g4 fxg4 27. fxg4 Nf6 28. Bf1 Ne4 29. Rf3 Qd8 30. Re3 Qg5 31. Re1 Qxc1 32. Rbxc1 Rxb2+ 33. Kg1 Bc2 34. Nc6 R8b7 35. Nb4 Ba4 36. Bxc4 Ng5 37. Ba6 Nxh3+ 38. Kh1 Rf7 39. Rf1 Nf2+ 40. Kg1 Rf4 41. Rb1 Rxg4+ 42. Kh2 Rd2 43. Bc8 Ne4+ 44. Kh1 Ng3+ 45. Kg1 Nxf1+ 46. Kxf1 Kf7 47. Nxd5 Rh4 48. Ke1 Rc2 49. Ne3 Re4 50. Rb4 Rxe3+ 0-1